English abbreviations quiz - Statistics

General Stats
  • This quiz has been taken 141 times
    140 since last reset
  • The average score is 11 of 15
Answer Stats
abbreviation advertised % Correct
Pls Please
98%
Thx Thanks
96%
Wdym? What do you mean
92%
Btw By the way
87%
Hi Hello
81%
Diy Do it yourself
76%
Brb Be right back
75%
Tysm Thank you so much
75%
Nvm Nevermind
73%
Aka Also known as
72%
Omw On my way
66%
PE physical education
63%
Afk Away from keyboard
48%
Pc Personal computer
43%
Tgif Thank god its Friday
42%
No matching quizzes found
Score Distribution
Percent of People with Each Score
Percentile by Number Answered
Your Score History
You have not taken this quiz since the last reset